Statistikai Adatok Magyarország Városai és nagyobb községeinek Közvilágitási Állapotáról

Bibliographic Details
Other Authors: Tikos, Imre (Compiler), Schőnwald, Teodor, činný 1893-1913 (Printer)
Format: Book
Language:Hungarian
PhysicalDescription:10 strán 33 cm
Subjects:

MARC

LEADER 00000nam a2200000 4500
001 vtls012286471
003 SK-MaSNL
005 20260302095936.0
008 251104s1898 xo f 000 0 hun
015 |a SNBHFA 
040 |a SNKHF  |b slo  |c SNKHF  |e rda 
041 0 |a hun 
044 |a xo  |c SK 
072 7 |a 311  |x Štatistika  |2 konspekt 
080 |a 311  |2 2011 
080 |a 628.971  |2 2001 
130 0 |a Statistikai  |9 769765 
245 1 0 |a Statistikai Adatok Magyarország Városai és nagyobb községeinek Közvilágitási Állapotáról  |c Összeállitotta: Tikos Imre Debreczen sz. kir. város mérnöke (kézirat gyanánt.) 
264 3 |a Komárom  |b Schőnwald Tivadar Könyvnyomdája  |c 1898 
300 |a 10 strán  |c 33 cm 
336 |a text  |b txt  |2 rdacontent 
337 |a bez média  |b n  |2 rdamedia 
338 |a zväzok  |b nc  |2 rdacarrier 
546 |a Maďarský text  |b Antikva  |b Kurzíva 
563 |a Väzba: previazaná, celoplátená.  |5 SNK SA 901 
650 0 7 |a štatistika  |2 SNKPH  |9 778 
650 0 7 |a verejné osvetlenie  |2 SNKPH  |9 71061 
700 1 |a Tikos, Imre  |4 com  |9 769766 
700 1 |a Schőnwald, Teodor,  |d činný 1893-1913  |4 prt  |9 493498 
752 |a Slovensko  |d Komárno 
852 |a snk  |p SA 901 
958 |a ONDV 
958 |a DF 
999 |c 1218721  |d 1220651 
952 |t 1  |a SNK  |b SNK  |c SNK_KF  |y PREZ  |7 8  |p 17A0713955  |o snkSA 901  |i snkF 1202/70  |8 5  |0 0  |1 0  |2 udc  |4 0  |d 2025-11-04  |l 0  |r 2026-02-24 23:36:00  |w 2026-02-24